00338nam a2200121Ia 4500008004100000041000800041082001700049100001500066245004500081260004900126300003200175365000900207240624s9999 xx 000 0 und d aeng a658.4012 ZOO aZOOK CHRIS aUNSTOPPABLE FINDING HIDDEN ASSETS TO REN c2007aBostonbHarvard Businesss School Press axvii, : 190 : p. : cm. ; 24 cb30